000 00566nam a2200181 i 4500
001 134708
003 ES-MaACL
005 20230906194729.0
007 t|
008 070913s1972 xxu ||||1| eng d
020 _a0-471-92567-5
080 _a530.12
100 1 _aWeinberg, Steven.
_9116358
245 1 0 _aGravitation and cosmology
_b: principles and applications of the general theory of relativity /
_cSteven Weinberg.
260 _aNew York :
_bJohn Wiley and Sons,
_c[1972]
300 _aXXVIII, 657 p. ;
_c24 cm.
852 _aES-MaACL
_jL-10474
_bR.110900
999 _c134708
_d134708